000 00480cam a22001934a 4500
005 20250605164245.0
008 250528s ||||||||||||||||||||||||d
035 _a21470
020 _a978201824582
040 _aGR-AtMCL
_bgre
_dGR-AtMCL
_eAACR2
245 1 _aAN INTRODUCTION TO DATABASE SYSTEMS
250 _a6
260 _bAmerican Heritage Publishing Company,
_c1995
300 _a839
700 1 _aDate C.J
_91848
942 _cBK
999 _c6532
_d6532